El Derecho y la (ir) reversibilidad limitada de los derechos sociales de los ciudadanos (Registro nro. 162856)
[ vista simple ]
| 000 -LEADER | |
|---|---|
| fixed length control field | 01665nam a2200325 a 4500 |
| 007 - PHYSICAL DESCRIPTION FIXED FIELD--GENERAL INFORMATION | |
| fixed length control field | cr|||| |||| |
| 008 - FIXED-LENGTH DATA ELEMENTS--GENERAL INFORMATION | |
| fixed length control field | 130715s2013 sp | b|||o000 0 spa c |
| 017 ## - | |
| -- | DL M. 14025-2013 |
| 020 ## - INTERNATIONAL STANDARD BOOK NUMBER | |
| International Standard Book Number | 9788470888441 |
| 035 ## - | |
| -- | 11480 |
| 040 ## - CATALOGING SOURCE | |
| Modifying agency | vLex |
| 090 ## - | |
| -- | 4494 |
| -- | 4494 |
| 100 1# - MAIN ENTRY--PERSONAL NAME | |
| Personal name | Ponce Solé, Juli, |
| Dates associated with a name | 1967- |
| 245 13 - TITLE STATEMENT | |
| Title | El Derecho y la (ir) reversibilidad limitada de los derechos sociales de los ciudadanos |
| Medium | [Recurso electrónico] : |
| Remainder of title | las líneas rojas constitucionales a los recortes y la sostenibilidad social / |
| Statement of responsibility, etc | Juli Ponce Solé |
| 256 ## - | |
| -- | Servicio en línea |
| 260 ## - PUBLICATION, DISTRIBUTION, ETC. (IMPRINT) | |
| Place of publication, distribution, etc | Madrid : |
| Name of publisher, distributor, etc | Instituto Nacional de Administración Pública, |
| Date of publication, distribution, etc | 2013 |
| 300 ## - PHYSICAL DESCRIPTION | |
| Extent | 1 recurso electrónico |
| 500 ## - GENERAL NOTE | |
| General note | I Premio Internacional de Investigación Jurídica Lorenzo Martín-Retortillo Baquer sobre derechos fundamentales |
| 504 ## - BIBLIOGRAPHY, ETC. NOTE | |
| Bibliography, etc | Bibliografía: p. 125-132 |
| 506 1# - RESTRICTIONS ON ACCESS NOTE | |
| Terms governing access | Contenido solo disponible en los productos indicados |
| Authorized users | vLex Global |
| -- | vLex Global (Academic Edition, excluding Law Schools) |
| -- | vLex Global (U.S. Academic Edition, Law Schools) |
| -- | vLex Global (U.S. Academic Edition, excluding Law Schools) |
| -- | vLex Global (Academic Edition, Law Schools) |
| 650 #7 - SUBJECT ADDED ENTRY--TOPICAL TERM | |
| Topical term or geographic name as entry element | Crisis económicas |
| Chronological subdivision | 2008- |
| Geographic subdivision | España |
| 650 #7 - SUBJECT ADDED ENTRY--TOPICAL TERM | |
| Topical term or geographic name as entry element | Derecho social |
| Geographic subdivision | España |
| 650 #7 - SUBJECT ADDED ENTRY--TOPICAL TERM | |
| Topical term or geographic name as entry element | Derechos civiles |
| Geographic subdivision | España |
| 710 2# - ADDED ENTRY--CORPORATE NAME | |
| Corporate name or jurisdiction name as entry element | Instituto Nacional de Administración Pública (Espanya) |
| 740 0# - | |
| -- | vLex Libros (Servicio en línea) |
| 830 #0 - | |
| -- | Monografías (Instituto Nacional de Administración Pública (Espanya)) |
| 856 40 - LOCALIZACIÓN Y ACCESO ELECTRÓNICO | |
| Identificador Uniforme del Recurso (URI/URL) | https://app.vlex.com/#/sources/derecho-reversibilidad-limitada-derechos-sociales-ciudadanos-11480 |
| 942 ## - | |
| -- | RAA |
| 999 ## - | |
| -- | 162856 |
| -- | 162856 |
No hay ítems disponibles.